000 00555nam a2200193Ia 4500
003 OSt
005 20200213100144.0
008 190216s9999||||xx |||||||||||||| ||und||
020 _a9788188779505
040 _coclc
082 _a297
_bSHI/M
100 _aShihab, Syed Mohammedali
_91950
245 0 _aMatham Samooham Samskaram /
_cSyed Mohammedali Shihab
250 _a1st ed.
260 _bOlive Publications,
_c2007.
_aKozhikode:
300 _a160p
650 _xIslamic History
942 _cBK
_2ddc
_h297
_iSHI/M
_k297
_mSHI/M
999 _c22905
_d22905